Holiday Quiz

Random Holiday or Halloween Quiz
Score 0/25 Timer 06:00
3 Plays Today
% Correct
Bone appétit!
89.7%
Because demons are a ghoul's best friend
89.4%
Only one, but she changes it into a frog
89.3%
They’re afraid of flying off the handle
88.7%
He was repossessed
88%
Frostbite
88%
He's mist
88%
She couldn't spell
87.5%
Because you can see right through them
87.4%
Candy corneas
87.3%
The fence
87.1%
Because everyone was a goblin
87.1%
She had bad blood
86.7%
% Correct
A pumpkin patch
86.6%
They're too wrapped up in themselves
86.6%
Because he's a real pain in the neck
86.6%
For the spare ribs
86.4%
Because they're suckers
86.1%
He wanted his boo to see his old haunts
85.9%
Because he had no guts
84.6%
He wanted to get ahead in life
84.4%
He heard it had great circulation
83.7%
A mop
80.2%
He wanted his mummy
79.7%
To stop his coffin
79.3%
Come Together.
Have Fun.
All Virtual.
We all need to come together. Play Sporcle's virtual live trivia to have fun, connect with people, and get your trivia on. Join a live hosted trivia game for your favorite pub trivia experience done virtually. If a virtual private party is more your thing, go here for details.

You're not logged in!

Compare scores with friends on all Sporcle quizzes.
OR
Log In

Sporcle TV

Today on Sporcle TV


Watch our educational content, quiz creation guides, and fun videos on Sporcle TV.

Show Comments

Extras

Top Quizzes Today


Score Distribution

Paid Content

Your Account Isn't Verified!

In order to create a playlist on Sporcle, you need to verify the email address you used during registration. Go to your Sporcle Settings to finish the process.

Report this User

Report this user for behavior that violates our Community Guidelines.

Details: